Stati e Iniziali delle Capitali - Quiz n°3 - Statistics

Statistiche generali
  • Questo quiz è stato fatto 21 volte
  • Il punteggio medio è 8 su 10
Statistiche sulle risposte
Hint Risposta % Corretto
Turchia A
100%
Stati Uniti W
100%
Gibuti G
95%
Canada O
95%
Repubblica Dominicana S
95%
Estonia T
95%
Cambogia P
85%
Ruanda K
70%
Tonga N
45%
Isole Marshall M
40%
Nessun quiz corrispondente trovato
Distribuzione punteggi
Percentuale di utenti per punteggio
Percentile per numero di risposta
I tuoi punteggi nel tempo
Non hai fatto questo quiz